000 00254nam a22001097a 4500
005 20230609111557.0
008 230603b |||||||| |||| 00| 0 eng d
022 _a9770972517004
245 _aEFFECTIVE EXECUTIVE
650 _aMANAGEMENT
_97859
942 _cJRL
999 _c8318
_d8316